Central Library OPAC University of Rajshahi
Normal view MARC view

Entry Personal Name

Number of records used in: 2

001 - CONTROL NUMBER

  • control field: 17065

003 - CONTROL NUMBER IDENTIFIER

  • control field: BD-RjUL

005 - DATE AND TIME OF LATEST TRANSACTION

  • control field: 20251006122538.0

008 - FIXED-LENGTH DATA ELEMENTS

  • fixed length control field: 251006|| aca||aabn | a|a d

040 ## - CATALOGING SOURCE

  • Original cataloging agency: BD-RjUL
  • Transcribing agency: BD-RjUL

100 ## - HEADING--PERSONAL NAME

  • Personal name: Theobaldus,
  • Titles and other words associated with a name: Episcopus.
  • Title of a work: Physiologus

670 ## - SOURCE DATA FOUND

  • Source citation: Work cat.: (BD-RjUL)85789: Morris, Richard, 1833-1894, ed. 16465, An Old English miscellany containing a bestiary, Kentish sermons, Proverbs of Alfred, religious poems of the thirteenth century,, 1872.